| 000 | 00619nam a22001577a 4500 | ||
|---|---|---|---|
| 082 | _a200 | ||
| 100 | _aAkhtar, Muhammad Iqbal Javed | ||
| 245 |
_aIntegration of Disaster Risk Reduction (DRR) and Climate Change Adaptation/ Mitigation (CCA/M) in Pakistan / _cMuhammad Iqbal Javed Akhtar |
||
| 260 |
_aIslamabad : _bMCE - NUST, _c2017. |
||
| 300 |
_a103 p. ; _c30cm. |
||
| 650 |
_aMS-Construction Engineering and Management _9126573 |
||
| 700 |
_aDr. Muhammad Irfan _917128 |
||
| 856 | _uhttp://10.250.8.41:8080/xmlui/handle/123456789/11814 | ||
| 942 |
_2ddc _cSC |
||
| 999 |
_c536188 _d536188 |
||